00622 2200217 4500001002100000005001500021035002000036007000300056008004100059020002200100082001000122084001600132100002200148245009500170260004500265300003400310650001100344650000900355990002000364990002000384INLIS00000000000297320260511065647 a0010-0526000064ta260511 f 0 ind  a978-623-02-4816-0 a641.3 a641.3 SAR d0 aSaragih, Bernatal1 aDapur Tahan Pangan Sehat dan Bergizi :bPengentasan Kerawanan Pangan Dan Gizi Di Indonesia aYogyakarta :bPenerbit Deepublish,c2022 ax + 109 hlm. ;c15.5 x 23 cm. 4aPangan 4aGizi a20260513.05.006 a20260513.05.007